Las heridas abiertas de la guerra civil: un viaje por la España desmemoriada
Salvato in:
| Autore principale: | |
|---|---|
| Natura: | Libro |
| Lingua: | spagnolo |
| Pubblicazione: |
Barcelona, España
Los Libros del Lince
2008
|
| Serie: | Sin Fronteras,
5 |
| Soggetti: | |
| Tags: |
Aggiungi Tag
Nessun Tag, puoi essere il primo ad aggiungerne!!
|
MARC
| LEADER | 00000cam a2200000 a 4500 | ||
|---|---|---|---|
| 001 | UCG8040 | ||
| 003 | CL-VaPUC | ||
| 005 | 20210521001552.0 | ||
| 008 | 111118e20081100SP |||||||||||||||||spa|d | ||
| 999 | |c 345683 |d 345681 | ||
| 020 | |a 9788493653651 | ||
| 040 | |c Pontificia Universidad Católica de Valparaíso | ||
| 082 | 0 | 4 | |a 946.081 WEB 2008 |2 21 |
| 100 | 0 | |a Webster, Jason |e author |9 558562 | |
| 245 | 1 | 4 | |a Las heridas abiertas de la guerra civil: |b un viaje por la España desmemoriada |
| 260 | |a Barcelona, España |b Los Libros del Lince |c 2008 | ||
| 300 | |a 269 páginas | ||
| 490 | 0 | |a Sin Fronteras, |v 5 | |
| 583 | |a last modification |c 20111118 11:09:00 |k Rodrigo Vera | ||
| 650 | 0 | |a Historia de España |y 1936-1939 |9 315435 | |
| 650 | 7 | |a GUERRA CIVIL |2 CL-VaPUC |9 558563 |y 1936-1939 |z ESPAÑA | |
| 852 | |a BIBCUR | ||
| 942 | |c BK |2 ddc | ||
| 945 | |d 20111118 00:00:00 |a dcastane | ||
| 952 | |0 0 |1 0 |2 ddc |4 0 |6 946_081000000000000_WEB_2008 |7 0 |8 A |9 445423 |a BIBHIS |b BIBHIS |d 2019-11-22 |i 4803310 |o 946.081 WEB 2008 |p 4803310 |r 2025-01-20 |t 1 |w 2019-11-22 |y BK |k HIS | ||